<?xml version="1.0" encoding="UTF-8"?>
<record
    xmlns:xsi="http://www.w3.org/2001/XMLSchema-instance"
    xsi:schemaLocation="http://www.loc.gov/MARC21/slim http://www.loc.gov/standards/marcxml/schema/MARC21slim.xsd"
    xmlns="http://www.loc.gov/MARC21/slim">

  <leader>00763nam a22002417a 4500</leader>
  <controlfield tag="005">20250521103845.0</controlfield>
  <controlfield tag="008">250521b        |||||||| |||| 00| 0 eng d</controlfield>
  <datafield tag="037" ind1=" " ind2=" ">
    <subfield code="c">TB</subfield>
  </datafield>
  <datafield tag="040" ind1=" " ind2=" ">
    <subfield code="a">LCT</subfield>
    <subfield code="c">LCT</subfield>
  </datafield>
  <datafield tag="041" ind1=" " ind2=" ">
    <subfield code="2">eng</subfield>
    <subfield code="a">eng</subfield>
    <subfield code="h">eng</subfield>
  </datafield>
  <datafield tag="084" ind1=" " ind2=" ">
    <subfield code="a">G:55:(Z)  Q19</subfield>
  </datafield>
  <datafield tag="100" ind1=" " ind2=" ">
    <subfield code="a">Leelakrishnan, P.</subfield>
    <subfield code="9">784693</subfield>
  </datafield>
  <datafield tag="245" ind1=" " ind2=" ">
    <subfield code="a">Environmental Law in India/</subfield>
  </datafield>
  <datafield tag="250" ind1=" " ind2=" ">
    <subfield code="a">5th ed. </subfield>
  </datafield>
  <datafield tag="260" ind1=" " ind2=" ">
    <subfield code="a">Gurgaon, India: </subfield>
    <subfield code="b">Lexis Nexis,</subfield>
    <subfield code="c">2019</subfield>
  </datafield>
  <datafield tag="300" ind1=" " ind2=" ">
    <subfield code="a">xxxiv, 361p. </subfield>
  </datafield>
  <datafield tag="650" ind1=" " ind2=" ">
    <subfield code="a">Environmental Law</subfield>
    <subfield code="9">784694</subfield>
  </datafield>
  <datafield tag="650" ind1=" " ind2=" ">
    <subfield code="a">Environmental Law in India</subfield>
    <subfield code="9">784695</subfield>
  </datafield>
  <datafield tag="650" ind1=" " ind2=" ">
    <subfield code="a">Environmental protection</subfield>
    <subfield code="9">784696</subfield>
  </datafield>
  <datafield tag="650" ind1=" " ind2=" ">
    <subfield code="a">Judicial review of environmental decisions</subfield>
    <subfield code="9">784697</subfield>
  </datafield>
  <datafield tag="650" ind1=" " ind2=" ">
    <subfield code="a"> Bhopal gas tragedy</subfield>
    <subfield code="9">784698</subfield>
  </datafield>
  <datafield tag="942" ind1=" " ind2=" ">
    <subfield code="2">CC</subfield>
    <subfield code="c">TB</subfield>
    <subfield code="h">G:55:(Z)  Q19</subfield>
    <subfield code="n">0</subfield>
  </datafield>
  <datafield tag="999" ind1=" " ind2=" ">
    <subfield code="c">1428927</subfield>
    <subfield code="d">1428927</subfield>
  </datafield>
  <datafield tag="952" ind1=" " ind2=" ">
    <subfield code="0">0</subfield>
    <subfield code="1">0</subfield>
    <subfield code="2">CC</subfield>
    <subfield code="4">0</subfield>
    <subfield code="7">0</subfield>
    <subfield code="8">NFIC</subfield>
    <subfield code="a">LCT</subfield>
    <subfield code="b">LCT</subfield>
    <subfield code="c">GEN</subfield>
    <subfield code="d">2025-05-21</subfield>
    <subfield code="e">Prolific Publication</subfield>
    <subfield code="g">525.00</subfield>
    <subfield code="i">106/21.01.2019</subfield>
    <subfield code="l">0</subfield>
    <subfield code="o">G:55:(Z)  Q19</subfield>
    <subfield code="p">LT0026837</subfield>
    <subfield code="r">2025-05-21 10:39:41</subfield>
    <subfield code="w">2025-05-21</subfield>
    <subfield code="y">TB</subfield>
  </datafield>
  <datafield tag="952" ind1=" " ind2=" ">
    <subfield code="0">0</subfield>
    <subfield code="1">0</subfield>
    <subfield code="2">CC</subfield>
    <subfield code="4">0</subfield>
    <subfield code="7">0</subfield>
    <subfield code="8">NFIC</subfield>
    <subfield code="a">LCT</subfield>
    <subfield code="b">LCT</subfield>
    <subfield code="c">GEN</subfield>
    <subfield code="d">2025-05-21</subfield>
    <subfield code="e">Prolific Publication</subfield>
    <subfield code="g">525.00</subfield>
    <subfield code="i">106/21.01.2019</subfield>
    <subfield code="l">0</subfield>
    <subfield code="o">G:55:(Z)  Q19</subfield>
    <subfield code="p">LT0026838</subfield>
    <subfield code="r">2025-05-21 10:39:41</subfield>
    <subfield code="w">2025-05-21</subfield>
    <subfield code="y">TB</subfield>
  </datafield>
  <datafield tag="952" ind1=" " ind2=" ">
    <subfield code="0">0</subfield>
    <subfield code="1">0</subfield>
    <subfield code="2">CC</subfield>
    <subfield code="4">0</subfield>
    <subfield code="7">0</subfield>
    <subfield code="8">NFIC</subfield>
    <subfield code="a">LCT</subfield>
    <subfield code="b">LCT</subfield>
    <subfield code="c">GEN</subfield>
    <subfield code="d">2025-05-21</subfield>
    <subfield code="e">Prolific Publication</subfield>
    <subfield code="g">525.00</subfield>
    <subfield code="i">106/21.01.2019</subfield>
    <subfield code="l">0</subfield>
    <subfield code="o">G:55:(Z)  Q19</subfield>
    <subfield code="p">LT0026839</subfield>
    <subfield code="r">2025-05-21 10:39:41</subfield>
    <subfield code="w">2025-05-21</subfield>
    <subfield code="y">TB</subfield>
  </datafield>
  <datafield tag="952" ind1=" " ind2=" ">
    <subfield code="0">0</subfield>
    <subfield code="1">0</subfield>
    <subfield code="2">CC</subfield>
    <subfield code="4">0</subfield>
    <subfield code="7">0</subfield>
    <subfield code="8">NFIC</subfield>
    <subfield code="a">LCT</subfield>
    <subfield code="b">LCT</subfield>
    <subfield code="c">GEN</subfield>
    <subfield code="d">2025-05-21</subfield>
    <subfield code="e">Prolific Publication</subfield>
    <subfield code="g">525.00</subfield>
    <subfield code="i">106/21.01.2019</subfield>
    <subfield code="l">0</subfield>
    <subfield code="o">G:55:(Z)  Q19</subfield>
    <subfield code="p">LT0026840</subfield>
    <subfield code="r">2025-05-21 10:39:41</subfield>
    <subfield code="w">2025-05-21</subfield>
    <subfield code="y">TB</subfield>
  </datafield>
  <datafield tag="952" ind1=" " ind2=" ">
    <subfield code="0">0</subfield>
    <subfield code="1">0</subfield>
    <subfield code="2">CC</subfield>
    <subfield code="4">0</subfield>
    <subfield code="7">0</subfield>
    <subfield code="8">NFIC</subfield>
    <subfield code="a">LCT</subfield>
    <subfield code="b">LCT</subfield>
    <subfield code="c">GEN</subfield>
    <subfield code="d">2025-05-21</subfield>
    <subfield code="e">Prolific Publication</subfield>
    <subfield code="g">525.00</subfield>
    <subfield code="i">106/21.01.2019</subfield>
    <subfield code="l">0</subfield>
    <subfield code="o">G:55:(Z)  Q19</subfield>
    <subfield code="p">LT0026841</subfield>
    <subfield code="r">2025-05-21 10:39:41</subfield>
    <subfield code="w">2025-05-21</subfield>
    <subfield code="y">TB</subfield>
  </datafield>
  <datafield tag="952" ind1=" " ind2=" ">
    <subfield code="0">0</subfield>
    <subfield code="1">0</subfield>
    <subfield code="2">CC</subfield>
    <subfield code="4">0</subfield>
    <subfield code="7">0</subfield>
    <subfield code="8">NFIC</subfield>
    <subfield code="a">LCT</subfield>
    <subfield code="b">LCT</subfield>
    <subfield code="c">GEN</subfield>
    <subfield code="d">2025-05-21</subfield>
    <subfield code="e">Prolific Publication</subfield>
    <subfield code="g">525.00</subfield>
    <subfield code="i">106/21.01.2019</subfield>
    <subfield code="l">0</subfield>
    <subfield code="o">G:55:(Z)  Q19</subfield>
    <subfield code="p">LT0026842</subfield>
    <subfield code="r">2025-05-21 10:39:41</subfield>
    <subfield code="w">2025-05-21</subfield>
    <subfield code="y">TB</subfield>
  </datafield>
  <datafield tag="952" ind1=" " ind2=" ">
    <subfield code="0">0</subfield>
    <subfield code="1">0</subfield>
    <subfield code="2">CC</subfield>
    <subfield code="4">0</subfield>
    <subfield code="7">0</subfield>
    <subfield code="8">NFIC</subfield>
    <subfield code="a">LCT</subfield>
    <subfield code="b">LCT</subfield>
    <subfield code="c">GEN</subfield>
    <subfield code="d">2025-05-21</subfield>
    <subfield code="e">Prolific Publication</subfield>
    <subfield code="g">525.00</subfield>
    <subfield code="i">106/21.01.2019</subfield>
    <subfield code="l">0</subfield>
    <subfield code="o">G:55:(Z)  Q19</subfield>
    <subfield code="p">LT0026843</subfield>
    <subfield code="r">2025-05-21 10:39:41</subfield>
    <subfield code="w">2025-05-21</subfield>
    <subfield code="y">TB</subfield>
  </datafield>
  <datafield tag="952" ind1=" " ind2=" ">
    <subfield code="0">0</subfield>
    <subfield code="1">0</subfield>
    <subfield code="2">CC</subfield>
    <subfield code="4">0</subfield>
    <subfield code="7">0</subfield>
    <subfield code="8">NFIC</subfield>
    <subfield code="a">LCT</subfield>
    <subfield code="b">LCT</subfield>
    <subfield code="c">GEN</subfield>
    <subfield code="d">2025-05-21</subfield>
    <subfield code="e">Prolific Publication</subfield>
    <subfield code="g">525.00</subfield>
    <subfield code="i">106/21.01.2019</subfield>
    <subfield code="l">0</subfield>
    <subfield code="o">G:55:(Z)  Q19</subfield>
    <subfield code="p">LT0026844</subfield>
    <subfield code="r">2025-05-21 10:39:41</subfield>
    <subfield code="w">2025-05-21</subfield>
    <subfield code="y">TB</subfield>
  </datafield>
  <datafield tag="952" ind1=" " ind2=" ">
    <subfield code="0">0</subfield>
    <subfield code="1">0</subfield>
    <subfield code="2">CC</subfield>
    <subfield code="4">0</subfield>
    <subfield code="7">0</subfield>
    <subfield code="8">NFIC</subfield>
    <subfield code="a">LCT</subfield>
    <subfield code="b">LCT</subfield>
    <subfield code="c">GEN</subfield>
    <subfield code="d">2025-05-21</subfield>
    <subfield code="e">Prolific Publication</subfield>
    <subfield code="g">525.00</subfield>
    <subfield code="i">106/21.01.2019</subfield>
    <subfield code="l">0</subfield>
    <subfield code="o">G:55:(Z)  Q19</subfield>
    <subfield code="p">LT0026845</subfield>
    <subfield code="r">2025-05-21 10:39:41</subfield>
    <subfield code="w">2025-05-21</subfield>
    <subfield code="y">TB</subfield>
  </datafield>
  <datafield tag="952" ind1=" " ind2=" ">
    <subfield code="0">0</subfield>
    <subfield code="1">0</subfield>
    <subfield code="2">CC</subfield>
    <subfield code="4">0</subfield>
    <subfield code="7">0</subfield>
    <subfield code="8">NFIC</subfield>
    <subfield code="a">LCT</subfield>
    <subfield code="b">LCT</subfield>
    <subfield code="c">GEN</subfield>
    <subfield code="d">2025-05-21</subfield>
    <subfield code="e">Prolific Publication</subfield>
    <subfield code="g">525.00</subfield>
    <subfield code="i">106/21.01.2019</subfield>
    <subfield code="l">0</subfield>
    <subfield code="o">G:55:(Z)  Q19</subfield>
    <subfield code="p">LT0026846</subfield>
    <subfield code="r">2025-05-21 10:39:41</subfield>
    <subfield code="w">2025-05-21</subfield>
    <subfield code="y">TB</subfield>
  </datafield>
  <datafield tag="952" ind1=" " ind2=" ">
    <subfield code="0">0</subfield>
    <subfield code="1">0</subfield>
    <subfield code="2">CC</subfield>
    <subfield code="4">0</subfield>
    <subfield code="7">0</subfield>
    <subfield code="8">NFIC</subfield>
    <subfield code="a">LCT</subfield>
    <subfield code="b">LCT</subfield>
    <subfield code="c">GEN</subfield>
    <subfield code="d">2025-05-21</subfield>
    <subfield code="e">Singhal Publication</subfield>
    <subfield code="g">550.00</subfield>
    <subfield code="i">2094/04.02.2020</subfield>
    <subfield code="l">0</subfield>
    <subfield code="o">G:55:(Z)  Q19</subfield>
    <subfield code="p">LT0027239</subfield>
    <subfield code="r">2025-05-26 11:54:07</subfield>
    <subfield code="w">2025-05-21</subfield>
    <subfield code="y">TB</subfield>
  </datafield>
  <datafield tag="952" ind1=" " ind2=" ">
    <subfield code="0">0</subfield>
    <subfield code="1">0</subfield>
    <subfield code="2">CC</subfield>
    <subfield code="4">0</subfield>
    <subfield code="7">0</subfield>
    <subfield code="8">NFIC</subfield>
    <subfield code="a">LCT</subfield>
    <subfield code="b">LCT</subfield>
    <subfield code="c">GEN</subfield>
    <subfield code="d">2025-05-21</subfield>
    <subfield code="e">Singhal Publication</subfield>
    <subfield code="g">550.00</subfield>
    <subfield code="i">2094/04.02.2020</subfield>
    <subfield code="l">0</subfield>
    <subfield code="o">G:55:(Z)  Q19</subfield>
    <subfield code="p">LT0027240</subfield>
    <subfield code="r">2025-05-26 11:54:07</subfield>
    <subfield code="w">2025-05-21</subfield>
    <subfield code="y">TB</subfield>
  </datafield>
  <datafield tag="952" ind1=" " ind2=" ">
    <subfield code="0">0</subfield>
    <subfield code="1">0</subfield>
    <subfield code="2">CC</subfield>
    <subfield code="4">0</subfield>
    <subfield code="7">0</subfield>
    <subfield code="8">NFIC</subfield>
    <subfield code="a">LCT</subfield>
    <subfield code="b">LCT</subfield>
    <subfield code="c">GEN</subfield>
    <subfield code="d">2025-05-21</subfield>
    <subfield code="e">Singhal Publication</subfield>
    <subfield code="g">550.00</subfield>
    <subfield code="i">2094/04.02.2020</subfield>
    <subfield code="l">0</subfield>
    <subfield code="o">G:55:(Z)  Q19</subfield>
    <subfield code="p">LT0027241</subfield>
    <subfield code="r">2025-05-26 11:54:07</subfield>
    <subfield code="w">2025-05-21</subfield>
    <subfield code="y">TB</subfield>
  </datafield>
  <datafield tag="952" ind1=" " ind2=" ">
    <subfield code="0">0</subfield>
    <subfield code="1">0</subfield>
    <subfield code="2">CC</subfield>
    <subfield code="4">0</subfield>
    <subfield code="7">0</subfield>
    <subfield code="8">NFIC</subfield>
    <subfield code="a">LCT</subfield>
    <subfield code="b">LCT</subfield>
    <subfield code="c">GEN</subfield>
    <subfield code="d">2025-05-21</subfield>
    <subfield code="e">Singhal Publication</subfield>
    <subfield code="g">550.00</subfield>
    <subfield code="i">2094/04.02.2020</subfield>
    <subfield code="l">0</subfield>
    <subfield code="o">G:55:(Z)  Q19</subfield>
    <subfield code="p">LT0027242</subfield>
    <subfield code="r">2025-05-26 11:54:07</subfield>
    <subfield code="w">2025-05-21</subfield>
    <subfield code="y">TB</subfield>
  </datafield>
  <datafield tag="952" ind1=" " ind2=" ">
    <subfield code="0">0</subfield>
    <subfield code="1">0</subfield>
    <subfield code="2">CC</subfield>
    <subfield code="4">0</subfield>
    <subfield code="7">0</subfield>
    <subfield code="8">NFIC</subfield>
    <subfield code="a">LCT</subfield>
    <subfield code="b">LCT</subfield>
    <subfield code="c">GEN</subfield>
    <subfield code="d">2025-05-21</subfield>
    <subfield code="e">Singhal Publication</subfield>
    <subfield code="g">550.00</subfield>
    <subfield code="i">2094/04.02.2020</subfield>
    <subfield code="l">0</subfield>
    <subfield code="o">G:55:(Z)  Q19</subfield>
    <subfield code="p">LT0027243</subfield>
    <subfield code="r">2025-05-26 11:54:07</subfield>
    <subfield code="w">2025-05-21</subfield>
    <subfield code="y">TB</subfield>
  </datafield>
</record>
